|
|
|
|
| LEADER |
00000nam0a2200000 4500 |
| 001 |
81724 |
| 005 |
20231031095256.0 |
| 010 |
|
|
|a 593630406X
|
| 029 |
1 |
0 |
|a RU
|b 41-02-2003
|c СНиП
|
| 035 |
|
|
|a (RuTPU)RU\TPU\book\87834
|
| 090 |
|
|
|a 81724
|
| 100 |
|
|
|a 20050922d2004 k y0rusy50 ca
|
| 101 |
0 |
|
|a rus
|
| 102 |
|
|
|a RU
|
| 105 |
|
|
|a a l 000zy
|
| 200 |
1 |
|
|a Тепловые сети. СНиП 41-02-2003
|a Thermal Networks
|f Госстрой России
|
| 210 |
|
|
|a СПб.
|c Деан
|d 2004
|
| 215 |
|
|
|a 96 с.
|c ил.
|
| 225 |
1 |
|
|a Безопасность труда России
|
| 229 |
|
|
|a Введены в действие с 1 сентября 2003 г.
|a Взамен 2.04.07-86*
|
| 610 |
1 |
|
|a тепловые сети
|
| 610 |
1 |
|
|a термины
|
| 610 |
1 |
|
|a определения
|
| 610 |
1 |
|
|a теплоснабжение
|
| 610 |
1 |
|
|a теплоносители
|
| 610 |
1 |
|
|a трубопроводы
|
| 610 |
1 |
|
|a конструкция
|
| 610 |
1 |
|
|a тепловая изоляция
|
| 610 |
1 |
|
|a конструкции строительные
|
| 610 |
1 |
|
|a коррозия
|
| 610 |
1 |
|
|a защита
|
| 610 |
1 |
|
|a правила
|
| 610 |
1 |
|
|a СНиПы
|
| 610 |
1 |
|
|a строительные нормы и правила
|
| 610 |
1 |
|
|a электроснабжение
|
| 675 |
|
|
|a 697.34(083.13)
|v 3
|
| 712 |
0 |
1 |
|a Российская Федерация
|b Государственный комитет по строительству и жилищно-коммунальному комплексу (Госстрой России)
|c (1999-2004)
|2 stltpush
|3 (RuTPU)RU\TPU\col\2930
|
| 801 |
|
1 |
|a RU
|b 63413507
|c 20050922
|g PSBO
|
| 801 |
|
2 |
|a RU
|b 63413507
|c 20221213
|g PSBO
|
| 942 |
|
|
|c BK
|